MARC

LEADER 00000nam0a2200000 4500
001 256974
005 20250211063206.0
035 |a (RuTPU)RU\TPU\book\279731 
090 |a 256974 
100 |a 20140412a1986 k a0rusy5003 ca 
101 0 |a rus 
102 |a RU 
105 |a a z 001zy 
200 1 |a Физические процессы в полупроводниковых материалах и приборах  |f Московский энергетический институт ; под ред. К. В. Шалимовой 
210 |a Москва  |c Изд-во МЭИ  |d 1986 
215 |a 128 с.  |c ил. 
225 1 |a Научные труды [МЭИ]  |x 0234-9124  |v № 111 
320 |a Библиогр. в конце ст. 
500 1 0 |a Труды Московского энергетического института  |9 88841 
606 1 |a Полупроводники  |2 stltpush  |3 (RuTPU)RU\TPU\subj\50592  |9 69206 
610 1 |a физика 
610 1 |a полупроводниковые приборы 
610 1 |a материалы 
610 1 |a приводы 
610 1 |a физические процессы 
610 1 |a оптические свойства 
610 1 |a термоэлектрические свойства 
675 |a 621.315.592 
702 1 |a Шалимова  |b К. В.  |4 340 
712 0 2 |a Московский энергетический институт (МЭИ)  |c (1930-1992)  |3 (RuTPU)RU\TPU\col\20092 
801 0 |a RU  |b RuMRKP  |c 19950417  |g psbo 
801 1 |a RU  |b 63413507  |c 20140412 
801 2 |a RU  |b 63413507  |c 20170502  |g RCR 
942 |c BK